[Event "WSTCC-50 2020"]
[Site "Prague"]
[Date "2020.03.10"]
[Round "5.1"]
[White "Kaidanov, Gregory"]
[Black "Hracek, Zbynek"]
[Result "1-0"]
[WhiteElo "2546"]
[BlackElo "2572"]
[Annotator "TA"]
[PlyCount "123"]
[EventDate "2020.03.06"]
[EventType "team-tourn"]
[EventCountry "CZE"]
[SourceTitle "playchess.com"]
[Source "ChessBase"]
[SourceQuality "1"]

{[%evp 21,123,7,16,15,37,24,59,62,79,71,65,79,70,75,64,50,88,72,103,114,160,160,155,162,167,161,167,164,166,168,168,163,163,160,162,158,158,159,145,139,183,179,176,156,187,174,237,237,266,266,266,263,259,235,224,233,260,256,270,228,206,191,251,175,174,156,157,160,154,147,148,154,470,462,471,475,468,456,444,422,460,477,535,457,597,601,593,595,593,578,593,586,579,572,570,570,550,541,771,650,964,945,12837,12836]} 1. Nf3 c5 2. c4 Nf6 3. g3 b6 4. Bg2 Bb7 5. O-O e6 6. Nc3 Be7 7. Re1 d5 8. cxd5 Nxd5 9. e4 Nb4 10. d4 cxd4 11. Nxd4 N8c6 12. Nxc6 {A30: Symmetrical English: Double Fianchetto and Hedgehog.} Nxc6 13. Bf4 O-O 14. e5 {White is slightly better.} Na5 15. Bxb7 Nxb7 16. Qg4 {Hoping for Rad1.} Kh8 17. Red1 $36 {[%mdl 2048] White is in control.} Qe8 {[#]} 18. Qe2 $5 $146 {[%mdl 8] New and interesting.} ({Predecessor:} 18. Qf3 Nc5 19. b4 Na4 20. Ne4 Bxb4 21. Bh6 f5 22. Bxg7+ Kxg7 23. Nf6 Rxf6 24. exf6+ Kxf6 {0-1 (42) Kievelitz,B-Ruemmele,M Germany 1991}) 18... Qc6 19. Nb5 Rfd8 20. Rxd8+ Bxd8 21. Rc1 Qd5 22. Rd1 Qc6 23. Nd4 Qd7 24. Qf3 Qd5 25. Qxd5 exd5 26. Nb5 Kg8 27. Rxd5 a6 28. Nd6 Nxd6 29. Rxd6 $16 {[%mdl 4096] Endgame KRB-KRB} Kf8 30. Be3 b5 31. f4 Ke8 32. Kf1 h5 33. Ke2 g6 (33... Bc7 {keeps fighting.}) 34. h3 $18 Be7 35. Rb6 Bd8 36. Rc6 Be7 37. Bb6 Kd7 38. Rc7+ Ke6 39. Ke3 a5 40. Ke4 f5+ 41. Ke3 h4 (41... g5 $142 42. Bc5 Bd8) 42. gxh4 Rh8 43. Rc6+ ({Much less strong is} 43. Bxa5 Rxh4 44. Rc6+ Kd5 $16) 43... Kd5 44. Rxg6 Rxh4 45. Rg3 a4 46. Kf3 Bb4 $2 {[#]} (46... Rh6 $16 {is a better chance.}) 47. Bd8 {White is clearly winning.} Rh8 48. Bf6 Rc8 49. h4 Rc1 50. Rg2 Rf1+ 51. Rf2 Rg1 52. Re2 Be1 {[%csl Ge1][%cal Rg1g3] [#]} 53. Re3 Ke6 54. h5 Bb4 55. h6 Rh1 56. Bg7 Rh3+ 57. Ke2 Rh4 58. Rd3 Be7 59. Rd1 b4 60. b3 a3 61. Kf3 Kf7 62. Rd7 {White took control after the opening. Accuracy: White = 96%, Black = 55%.} 1-0

[Event "WSTCC-50 2020"]
[Site "Prague"]
[Date "2020.03.10"]
[Round "5.2"]
[White "Haba, Petr"]
[Black "Benjamin, Joel"]
[Result "1/2-1/2"]
[WhiteElo "2470"]
[BlackElo "2508"]
[Annotator "TA"]
[PlyCount "92"]
[EventDate "2020.03.06"]
[EventType "team-tourn"]
[EventCountry "CZE"]
[SourceTitle "playchess.com"]
[Source "ChessBase"]
[SourceQuality "1"]

{[%evp 16,92,14,25,26,35,26,28,52,8,6,12,10,0,0,0,0,0,0,0,6,-20,19,19,20,0,0,0,0,0,0,0,0,-20,0,-8,-18,-8,0,0,0,0,0,0,0,0,0,0,0,0,0,0,0,0,0,0,0,0,0,0,0,0,0,0,0,0,0,0,0,0,0,0,0,0,0,0,0,-11,0]} 1. e4 e5 2. Nf3 Nc6 3. Nc3 Nf6 4. d4 exd4 5. Nxd4 Bb4 6. Nxc6 bxc6 7. Bd3 O-O 8. O-O Re8 9. Bg5 Qe7 {C47: Scotch Four Knights and Four Knights with 4 g3.} 10. Qf3 Bxc3 11. bxc3 d6 {White has an edge.} 12. Bxf6 Qxf6 {The position is equal.} 13. Qxf6 gxf6 14. Rfb1 {[#]} Re5 $146 ({Predecessor:} 14... a5 15. a4 Re5 16. f3 f5 17. f4 Rc5 18. exf5 Bxf5 19. Ra3 Kg7 {0-1 (71) Hoffmann,H (1901)-Hebel,E (1997) GER email 2017}) 15. Rb3 Ra5 16. f4 Kf8 17. Kf2 Ke7 18. Ke3 Ba6 19. a4 Bc8 20. Rab1 Rxa4 21. Rb8 Rxb8 22. Rxb8 Ba6 23. Bxa6 Rxa6 $11 {[%mdl 4096] Endgame KR-KR} 24. Rh8 Ra2 25. Kd3 Ra1 26. Rxh7 Rd1+ 27. Ke3 Rc1 28. Kd3 Rd1+ 29. Ke3 Rg1 30. g3 Rg2 31. Kd3 a5 32. Rh8 a4 33. c4 a3 34. f5 a2 35. Ra8 Rxh2 36. Rxa2 Rg2 37. Ra8 Rxg3+ 38. Kd2 Rg2+ 39. Kd3 Rg3+ 40. Kd2 Rg4 41. Kd3 c5 42. Rc8 Kd7 43. Rf8 Rg7 44. Kd2 Rh7 45. Kd3 Ke7 46. Rc8 Kd7 {Accuracy: White = 94%, Black = 97%.} 1/2-1/2

[Event "WSTCC-50 2020"]
[Site "Prague"]
[Date "2020.03.10"]
[Round "5.3"]
[White "Novikov, Igor"]
[Black "Velicka, Petr"]
[Result "1/2-1/2"]
[WhiteElo "2551"]
[BlackElo "2425"]
[Annotator "TA"]
[PlyCount "110"]
[EventDate "2020.03.06"]
[EventType "team-tourn"]
[EventCountry "CZE"]
[SourceTitle "playchess.com"]
[Source "ChessBase"]
[SourceQuality "1"]

{[%evp 20,110,29,9,14,-21,13,10,22,33,23,19,37,34,31,34,25,29,35,37,37,29,37,27,27,27,29,27,35,27,27,22,27,27,27,27,28,27,27,27,28,27,27,27,35,31,31,31,27,25,28,27,27,22,28,28,28,28,27,27,38,35,35,35,35,35,35,35,35,35,35,35,35,35,35,35,35,35,35,35,35,35,35,35,35,35,35,35,35,35,35,35,35]} 1. d4 d5 2. c4 c6 3. Nf3 Nf6 4. Nc3 e6 5. Bg5 Nbd7 6. cxd5 exd5 7. e3 Bd6 8. Qc2 O-O 9. Bd3 h6 10. Bh4 Re8 11. O-O-O Qa5 {D36: Queen's Gambit Declined: Exchange Variation: Main line (5 Bg5 c6 6 Qc2).} 12. Kb1 Bb4 (12... Ne4 $5) 13. Nd2 Bxc3 {The position is equal.} 14. Qxc3 Qxc3 15. bxc3 Ne4 {[#]} 16. Kc2 $146 ({Predecessor:} 16. Nxe4 dxe4 17. Be2 Nb6 18. c4 Be6 19. Rc1 c5 20. Rhd1 Rac8 21. d5 Bf5 22. Rc3 {1-0 (47) Yermolinsky,A (2504)-Kaidanov,G (2544) Saint Louis 2019}) 16... Nxd2 17. Kxd2 Nb6 18. Rb1 Nc4+ 19. Bxc4 dxc4 20. f3 f5 21. h3 b6 22. g4 Rf8 23. g5 Be6 24. gxh6 gxh6 25. Be7 Rf7 26. Rhg1+ Kh7 27. Bd6 Bd5 28. Ke2 Rg7 29. Rxg7+ Kxg7 $11 {[%mdl 4096] Endgame KRB-KRB} 30. Rg1+ Kh7 31. Kf2 Bf7 32. e4 fxe4 33. fxe4 Rg8 34. Rxg8 (34. Rf1 {seems wilder.} Be6 35. h4 Bh3 36. Rh1 Bg2 37. Re1) 34... Kxg8 {KB-KB} 35. Ke3 Kg7 36. Be5+ Kf8 37. Bb8 a6 38. Kf4 Be6 39. h4 h5 40. a4 {White is slightly better.} Ke8 41. Ke5 Kd7 42. Ba7 b5 43. a5 Bg4 44. Bc5 Bf3 45. Bb4 Bg2 46. d5 cxd5 47. exd5 Bh3 48. Kd4 Kc7 49. Kc5 Bg4 50. Ba3 Bh3 51. Bc1 Bg4 52. Bf4+ Kb7 $1 53. Be5 Bh3 54. Kd6 Bg4 55. Ke7 Kc8 {Accuracy: White = 97%, Black = 97%.} 1/2-1/2

[Event "WSTCC-50 2020"]
[Site "Prague"]
[Date "2020.03.10"]
[Round "5.4"]
[White "Langner, Ladislav"]
[Black "Yermolinsky, Alex"]
[Result "1/2-1/2"]
[WhiteElo "2377"]
[BlackElo "2487"]
[Annotator "TA"]
[PlyCount "53"]
[EventDate "2020.03.06"]
[EventType "team-tourn"]
[EventCountry "CZE"]
[SourceTitle "playchess.com"]
[Source "ChessBase"]
[SourceQuality "1"]

{[%evp 10,53,77,5,24,18,27,10,7,7,18,4,4,0,7,9,15,16,23,20,48,-27,22,0,0,0,-17,-51,-28,-70,-57,-83,-50,-56,-60,-85,-45,-143,-140,-137,-89,-132,-92,-128,0,64]} 1. e4 c5 2. c3 d6 3. d4 Nf6 4. Bd3 Nc6 5. Nf3 Bg4 {[#]} 6. Be3 (6. d5 $1 $16 {[%cal Rd5c6]} Bxf3 7. Qxf3) 6... e6 {B07: Pirc Defence: Miscellaneous Systems.} 7. Nbd2 Be7 8. h3 Bh5 9. a3 {[#]} O-O $146 ({Predecessor:} 9... Qc7 10. Rc1 h6 11. b4 b6 12. O-O O-O 13. Re1 Rfd8 14. Qc2 Qd7 15. Nh2 Rac8 {½-½ (41) Shmarin,A-Kabulov,D Dagomys 2009}) 10. b4 {[%cal Rb4c5]} cxd4 11. cxd4 Bg6 12. Qb1 Nd7 13. O-O Rc8 14. Qb3 Nb6 15. Ne1 ({White should play} 15. d5 $14 exd5 16. exd5) 15... e5 16. d5 Nd4 17. Bxd4 exd4 18. f4 {With the idea f5.} f5 19. e5 Rc3 $36 {[%mdl 2048] Black is more active.} 20. Qa2 Bf7 21. e6 Be8 $1 22. Ndf3 Bf6 23. Bxf5 (23. Rf2 $15) 23... Bb5 $17 24. Qb1 g6 ({Reject} 24... Nxd5 $6 25. Bxh7+ Kh8 26. Bd3 $11) 25. Bxg6 hxg6 26. Qxg6+ {[#]} Kh8 (26... Bg7 $1 $17 27. Ng5 Rf6 28. Qh7+ Kf8) 27. Qh6+ {Accuracy: White = 64%, Black = 64%.} (27. Qh5+ $11 Kg8 28. Qg6+ Bg7 29. Ng5) 1/2-1/2

[Event "WSTCC-50 2020"]
[Site "Prague"]
[Date "2020.03.10"]
[Round "5.5"]
[White "Potapov, Alexander"]
[Black "Graf, Alexander"]
[Result "1-0"]
[WhiteElo "2413"]
[BlackElo "2575"]
[Annotator "TA"]
[PlyCount "71"]
[EventDate "2020.03.06"]
[EventType "team-tourn"]
[EventCountry "CZE"]
[SourceTitle "playchess.com"]
[Source "ChessBase"]
[SourceQuality "1"]

{[%evp 19,71,17,25,17,23,23,29,0,0,-6,0,0,0,0,0,-10,0,-40,-32,-14,-23,-24,60,89,67,0,93,114,114,104,233,213,243,270,262,254,474,474,474,474,818,356,344,307,306,297,281,258,273,261,29989,29990,29995,1258]} 1. d4 d5 2. c4 c6 3. Nf3 Nf6 4. Nc3 e6 5. e3 Nbd7 6. Bd3 Be7 7. O-O O-O 8. b3 b6 9. Bb2 Bb7 10. Qe2 Re8 11. Rfd1 {D46: Semi-Slav: 5 e3 Nbd7 6 Bd3, Black avoids the Meran.} Qc7 12. Rac1 Rad8 13. e4 {White has an edge.} (13. h3 {with more complications.} Qb8 14. Ne5 Nxe5 15. dxe5 Nd7 16. cxd5 cxd5 17. Bb5) 13... dxe4 14. Nxe4 c5 15. dxc5 Bxe4 16. Bxe4 Bxc5 17. h3 {[#]} e5 $146 ({Predecessor:} 17... Nxe4 18. Qxe4 e5 19. a3 a5 20. Re1 f6 21. Rcd1 Nf8 22. Rd5 Ng6 23. g3 Ne7 24. Rxd8 Rxd8 {0-1 (36) Seifert,V (2328)-Graf,A (2586) Leipzig 2008}) 18. Bd5 e4 19. Nd4 Ne5 20. Nf5 $1 h5 (20... g6 $11 21. Qd2 Nh5 22. Bxe5 Qxe5 23. Nh6+ Kf8) 21. Qd2 $1 $14 e3 22. fxe3 ({White should play} 22. Nxe3 $14 Ne4 23. Qc2 Nxf2 24. Qxf2) 22... Nxd5 (22... Neg4 $11 23. hxg4 Nxg4) 23. cxd5 $16 {Black must now prevent b4.} Qd7 24. b4 Bf8 {Loses the game.} (24... Qxf5 $16 25. bxc5 Qg5) 25. e4 $18 b5 26. Qg5 {Hoping for Bxe5.} f6 27. Qg3 $1 (27. Qxh5 g6 $11) 27... Bxb4 $2 (27... Kh7 28. Bxe5 Rxe5) 28. d6 Ba5 29. Rd5 Kh7 {[#]} (29... Bb6+ $142 30. Kh1 Kh7) 30. Bxe5 (30. Rxb5 $142 $3 {[%mdl 512]} Bb6+ {[#]} (30... Qxb5 31. Qxg7#) 31. Rxb6 $1 {[%mdl 512]} axb6 32. Rc7) 30... Rxe5 31. Rxe5 fxe5 32. Qg5 ({Less strong is} 32. Qxe5 g6 $14) 32... Qf7 33. Rc6 $40 {[%mdl 128] And now Ra6 would win. White attacks with force.} Rf8 34. g4 hxg4 $2 (34... Bb6+ $18 35. Kh1 b4 36. gxh5 Bd8) 35. Qh4+ Kg6 36. Ne7+ {Accuracy: White = 78%, Black = 54%.} (36. d7+ $142 Qf6 37. Rxf6+ Rxf6 38. Qxg4+ Kf7 39. Qxg7+ Ke6 40. Qe7#) 1-0

[Event "WSTCC-50 2020"]
[Site "Prague"]
[Date "2020.03.10"]
[Round "5.6"]
[White "Jussupow, Artur"]
[Black "Sergeyev, Alexander"]
[Result "1-0"]
[WhiteElo "2560"]
[BlackElo "2398"]
[Annotator "TA"]
[PlyCount "73"]
[EventDate "2020.03.06"]
[EventType "team-tourn"]
[EventCountry "CZE"]
[SourceTitle "playchess.com"]
[Source "ChessBase"]
[SourceQuality "1"]

{[%evp 14,73,91,87,79,78,108,112,111,121,134,163,157,132,159,153,153,154,168,164,218,132,116,114,134,95,100,100,136,114,179,160,158,150,161,112,158,64,80,64,68,64,201,185,389,387,456,407,546,529,951,933,855,925,910,881,1247,1225,1215,1162,1139,1035]} 1. d4 d5 2. c4 c6 3. Nf3 Nf6 4. Nc3 dxc4 5. a4 Bg4 6. Ne5 Bh5 7. f3 e6 8. g4 ({Don't play} 8. Nxc4 $6 c5 $11) 8... Nd5 {D16: Slav Defence: 5 a4: Lines with 5...Bg4 and 5...Na6.} 9. e4 Nxc3 10. bxc3 Qh4+ {White is better.} 11. Ke2 f6 12. Nxc4 ({Not} 12. gxh5 fxe5 13. Be3 Qxh5 $15) 12... Bf7 13. Bf4 h5 14. Bg3 Qg5 {[#]} 15. h4 $146 ({Predecessor:} 15. Qb3 b6 16. h4 Qg6 17. Nxb6 e5 18. d5 axb6 19. Qxb6 hxg4 20. Qb7 gxf3+ 21. Kxf3 {0-1 (38) Tennant,S-Jacobs,R USA 1977}) 15... Qg6 16. g5 e5 (16... Nd7 $142) 17. Kf2 Nd7 18. Rb1 (18. dxe5 $6 Bc5+ 19. Kg2 Bxc4 $11) 18... b6 19. Ne3 ({Reject} 19. dxe5 $6 Bc5+ 20. Ke1 Bxc4 $11) 19... fxg5 20. hxg5 Rd8 21. Bh3 h4 (21... Be6 $16) 22. Bxd7+ Rxd7 23. Bxe5 Be6 24. a5 b5 25. f4 ({White should try} 25. c4 $16) 25... Qxe4 $14 26. Qf3 Qxf3+ 27. Kxf3 a6 {Now Black is done in.} ({Black should play} 27... Bd6 $1 $14) 28. f5 $36 {[%mdl 2048] White is really pushing.} Bd5+ $2 (28... Ba2 {might work better.}) 29. Nxd5 cxd5 30. Kg4 Rd8 31. Rbe1 {[#] And now Bxg7+ would win.White is clearly winning.} Kf7 32. g6+ Kg8 33. f6 gxf6 34. Bxf6 {[%mdl 64] [#] Double Attack} Rd6 35. Bxh8 Kxh8 36. Kf5 Kg7 37. Re6 {Accuracy: White = 71%, Black = 34%.} 1-0

[Event "WSTCC-50 2020"]
[Site "Prague"]
[Date "2020.03.10"]
[Round "5.7"]
[White "Goriatchkin, Jouri"]
[Black "Levin, Felix"]
[Result "1/2-1/2"]
[WhiteElo "2310"]
[BlackElo "2480"]
[Annotator "TA"]
[PlyCount "47"]
[EventDate "2020.03.06"]
[EventType "team-tourn"]
[EventCountry "CZE"]
[SourceTitle "playchess.com"]
[Source "ChessBase"]
[SourceQuality "1"]

{[%evp 14,47,55,53,62,78,72,56,68,47,54,0,47,52,39,37,56,26,23,23,65,68,80,67,83,80,110,110,124,118,110,86,70,70,83,-27]} 1. d4 Nf6 2. c4 e6 3. g3 d5 4. Bg2 dxc4 5. Nf3 a6 6. O-O Nc6 7. e3 Rb8 {is now debated instead of 7...Bd7.} 8. Nfd2 e5 {E04: Open Catalan: 5 Nf3.} 9. Bxc6+ $1 bxc6 10. dxe5 Ng4 {White is slightly better.} 11. Nxc4 Be6 {Strongly threatening ...Qxd1.} 12. Qe2 {[#]} ({White should try} 12. Qc2 $14) 12... Bxc4 $146 (12... h5 $5 {[%cal Rh5h4]}) ({Predecessor:} 12... h5 13. Rd1 Qc8 14. Qf3 Rb6 15. Nxb6 cxb6 16. h4 Nxe5 17. Qf4 Ng6 18. Qe4 Be7 {½-½ (41) Grischuk,A (2759)-Ding,L (2811) Khanty-Mansiysk 2019}) 13. Qxc4 {[%mdl 64] [#] Double Attack} Nxe5 14. Qe4 Qd5 $1 {[%cal Rd5e4]} 15. Nc3 (15. Qxd5 {looks sharper.} cxd5 16. b3 h5 17. Bb2 Nd3 18. Bc3) 15... Qxe4 16. Nxe4 Rb4 17. Nc3 Be7 18. b3 Rb8 19. Rd1 Bf6 {White must now prevent ...Nf3+.} 20. Rb1 Nf3+ {[%mdl 64] Discovered Attack} 21. Kg2 Nxh2 22. Kxh2 {And now Ne4 would win.} Bxc3 23. Ba3 Rd8 {[#]} 24. Rxd8+ $1 {Accuracy: White = 84%, Black = 78%.} 1/2-1/2

[Event "WSTCC-50 2020"]
[Site "Prague"]
[Date "2020.03.10"]
[Round "5.8"]
[White "Meister, Jakob"]
[Black "Tolstikh, Nikolay"]
[Result "1/2-1/2"]
[WhiteElo "2427"]
[BlackElo "2320"]
[Annotator "TA"]
[PlyCount "80"]
[EventDate "2020.03.06"]
[EventType "team-tourn"]
[EventCountry "CZE"]
[SourceTitle "playchess.com"]
[Source "ChessBase"]
[SourceQuality "1"]

{[%evp 16,80,13,0,0,-13,-10,-7,0,0,6,-11,0,0,6,0,0,-14,-13,-18,-18,-18,-13,-14,-14,-18,-6,-6,-6,-32,-13,-14,-6,-16,0,-21,-21,-48,-21,-41,-4,-29,-26,-29,-18,-31,-20,-33,-18,-49,-39,-41,-39,-41,-28,-31,-28,-40,0,-41,-34,-66,0,-192,-36,-269,-265]} 1. c4 e6 2. Nc3 d5 3. d4 Be7 4. Nf3 Nf6 5. Bg5 h6 6. Bxf6 Bxf6 7. cxd5 exd5 8. e3 O-O 9. Qc2 Be6 {D55: Queen's Gambit Declined: 4 Bg5 Be7: Lines without ...h6 and 6...h6 7 Bxf6.} 10. Rd1 {[#]} Nc6 $146 ({Predecessor:} 10... c5 11. dxc5 Qa5 12. Bd3 Bxc3+ 13. Qxc3 Qxc3+ 14. bxc3 Rc8 15. Kd2 Nd7 16. Rb1 Nxc5 17. Nd4 {½-½ (25) Nilson,B (2174)-Hagen,T (2285) ICCF email 2010}) 11. a3 Ne7 {The position is equal.} 12. Bd3 Qc8 13. Ne2 Bf5 14. Nf4 Bxd3 15. Rxd3 c6 16. O-O Nf5 17. b4 Nd6 18. a4 a6 19. Rb3 Qd7 20. Nd3 Qf5 21. Rc1 Rfe8 22. Nf4 (22. h3 {looks sharper.} g6 23. Nf4 Re4 24. Nd3 Re7 25. Nfe5) 22... Qd7 23. h3 Rec8 24. Qd1 Qf5 25. g4 Qd7 26. Kg2 Re8 27. Qd3 g6 28. Qd1 Bg7 29. Nd3 Kh7 30. Qc2 Rf8 31. Re1 Rae8 32. Rbb1 Re7 33. Re2 Qe8 34. Rg1 Nc4 35. Ree1 Qc8 36. Nf4 Qe8 37. Qd3 Nd6 38. Qc2 Nc4 (38... Ne4 $15) 39. Kf1 $2 {[#]} (39. Nd3 $11) 39... Kg8 $2 ({Black should play} 39... Rxe3 $1 $19 {[%mdl 512]} 40. Kg2 (40. fxe3 $2 {too greedy.} Nxe3+ 41. Rxe3 Qxe3 $19 {[%mdl 64] Double Attack}) (40. Rxe3 Qxe3) 40... Qe4 41. Qxe4 Rxe4) 40. h4 $2 {[#]} (40. Nd3 $15) 40... Rxe3 $1 {[%mdl 33280] Accuracy: White = 71%, Black = 82%. . An unexpected result.} 1/2-1/2

[Event "WSTCC-50 2020"]
[Site "Prague"]
[Date "2020.03.10"]
[Round "5.9"]
[White "Ftacnik, Lubomir"]
[Black "Hebden, Mark L"]
[Result "1/2-1/2"]
[WhiteElo "2513"]
[BlackElo "2444"]
[Annotator "TA"]
[PlyCount "75"]
[EventDate "2020.03.06"]
[EventType "team-tourn"]
[EventCountry "CZE"]
[SourceTitle "playchess.com"]
[Source "ChessBase"]
[SourceQuality "1"]

{[%evp 26,75,25,33,27,25,27,26,33,28,37,20,22,7,27,0,0,0,0,0,0,0,18,15,22,11,27,0,0,0,11,12,14,12,59,35,31,31,43,43,38,33,145,0,0,0,0,0,0,0,0,0]} 1. Nf3 Nf6 2. c4 g6 3. d4 Bg7 4. Nc3 O-O 5. e4 d6 6. Be2 e5 7. O-O exd4 8. Nxd4 Re8 9. f3 Nc6 10. Be3 Nh5 11. Qd2 Nf4 12. Rad1 Nxd4 13. Bxd4 Bxd4+ 14. Qxd4 Nxe2+ {E94: King's Indian: Classical: 6 Be2 e5 7 0-0: Various Black 7th moves.} 15. Nxe2 b6 16. Nc3 Bb7 {[#] White has an edge.} 17. Rf2 $146 ({Predecessor:} 17. Nd5 Bxd5 18. cxd5 Qg5 19. Rc1 Re7 20. Rc6 Rd8 21. Qc3 Rdd7 22. Rc4 f5 23. f4 {½-½ (32) Ballow,J (2408)-Vertiz Gutierrez,P (2282) ICCF email 2017}) 17... Qg5 18. b4 a5 19. b5 Rad8 20. Nd5 Bxd5 $1 21. cxd5 f5 22. f4 Qh5 23. Re1 fxe4 24. Rfe2 Qf5 25. Rxe4 Rxe4 26. Qxe4 $11 {[%mdl 4096] Endgame KQR-KQR} (26. Rxe4 {looks sharper.} Kf7 27. Kf2 Rf8 28. Qc4 Kg8 29. h4) 26... Rf8 27. g3 Qf7 (27... g5 {with more complications.} 28. Qxf5 Rxf5 29. fxg5 Rxd5 30. Re8+ Kf7) 28. a4 Qg7 29. Kg2 h5 30. Qe6+ Kh7 31. Kh3 Rf6 32. Qe7 Rf7 33. Qg5 Qd4 (33... Qf6 $1 $14) 34. Re6 ({White must play} 34. Re7 $16 Qg7 35. Re1) 34... Qd3 $1 {The position is equal.} 35. Kh4 Qc2 {[%cal Rc2h2] [#]} 36. Kh3 $1 Qd3 37. Kh4 Qc2 {[%cal Rc2h2]} 38. Kh3 $1 {Accuracy: White = 90%, Black = 88%.} 1/2-1/2

[Event "WSTCC-50 2020"]
[Site "Prague"]
[Date "2020.03.10"]
[Round "5.10"]
[White "Flear, Glenn C"]
[Black "Stohl, Igor"]
[Result "1/2-1/2"]
[WhiteElo "2420"]
[BlackElo "2470"]
[Annotator "TA"]
[PlyCount "59"]
[EventDate "2020.03.06"]
[EventType "team-tourn"]
[EventCountry "CZE"]
[SourceTitle "playchess.com"]
[Source "ChessBase"]
[SourceQuality "1"]

{[%evp 24,59,0,-2,0,0,42,33,37,0,0,0,39,38,37,-20,-12,-49,-14,-80,0,-23,0,0,21,33,39,-14,32,0,0,0,14,0,0,-7,0,0]} 1. d4 Nf6 2. c4 e6 3. Nc3 Bb4 4. e3 O-O 5. Bd3 d5 6. Nf3 c5 7. O-O cxd4 8. exd4 dxc4 9. Bxc4 b6 10. Bg5 Bb7 11. Re1 Nbd7 12. Rc1 Rc8 13. Qb3 Bxc3 {E54: Nimzo-Indian: Rubinstein: Main Line: 7...dxc4 8 Bxc4.} 14. Rxc3 Qe8 15. Nd2 Bd5 {White is slightly better.} 16. Qa4 h6 17. Bh4 {[#]} Bc6 $146 ({Predecessor:} 17... Bxc4 18. Nxc4 Qd8 19. h3 Qc7 20. Bg3 Qc6 21. Qxc6 Rxc6 22. Nd6 Nb8 23. Rec1 Rxc3 24. bxc3 {0-1 (31) Lelievre,A (2499)-Finocchiaro,F (2555) ICCF corr 2002}) 18. Qa3 {aiming for Ba6.} b5 {[#] Hoping for ...a5.} 19. Bb3 (19. Be2 $14) 19... Bd5 $11 20. Bxf6 (20. Rce3 {looks sharper.} Rc6 21. Nf3 Qc8 22. Ne5 Ra6 23. Qb4) 20... Nxf6 21. Qxa7 {[#]} (21. Rc5 $11 {keeps the balance.}) 21... Bxb3 (21... Rxc3 $1 $17 22. bxc3 Qc6) 22. axb3 Ra8 23. Qb7 Ra2 24. Rb1 Nd5 25. Rc6 ({Better is} 25. Rcc1 $14) 25... b4 (25... Nf4 {with more complications.} 26. g3 Ne2+ 27. Kf1 Nxd4 28. Rd6 Nf5) 26. Ra6 Rxa6 {The position is equal.} 27. Qxa6 Qd7 28. g3 Ne7 29. Nf3 Nf5 30. Qd3 {Accuracy: White = 68%, Black = 68%.} 1/2-1/2